[Event "Moscow Aeroflot op-A"]
[Site "Moscow"]
[Date "2005.02.18"]
[Round "4"]
[White "Motylev, Alexander"]
[Black "Yermolinsky, Alex"]
[Result "1-0"]
[WhiteElo "2665"]
[BlackElo "2570"]
[Annotator "Cox,J"]
[PlyCount "95"]
[EventDate "2005.02.15"]
[EventType "swiss"]
[EventRounds "9"]
[EventCountry "RUS"]
[SourceTitle "CBM 106"]
[Source "ChessBase"]
[SourceDate "2005.06.06"]
[SourceVersion "1"]
[SourceVersionDate "2005.06.06"]
[SourceQuality "1"]

1. e4 Nf6 2. e5 Nd5 3. d4 d6 4. Nf3 Bg4 5. Be2 e6 6. O-O Be7 7. h3 Bh5 8. c4
Nb6 9. Nc3 a6 $5 {/\ ...Bxf3; Bxf3 dxe5; Bxb7 Ra7} (9... O-O 10. Be3 d5 11. c5
Bxf3 12. gxf3 Nc8 {is the main line, of course: Black's sideline here had a
period of popularity in the 1990's.}) 10. Be3 O-O 11. Qb3 (11. exd6 cxd6 12.
Qb3 (12. b3 d5 13. Ne5 Bxe2 14. Qxe2 Nc6 15. Rfd1 Bf6 $11 {Anand-Yusupov, Wijk
aan Zee Candidates 1994}) 12... N8d7 13. Rac1 Rc8 14. Nd2 Bxe2 15. Nxe2 Bg5 16.
Bxg5 Qxg5 17. Ne4 Qe7 18. c5 $14 {(Anand-Morozevich, Intel rapid 1995) is
usually considered the best way for White to play.}) 11... N8d7 12. a4 $146 (
12. exd6 cxd6 13. a4 Bxf3 14. gxf3 $6 {Kotliar-Yermolinsky, St Martin open 1993
}) 12... dxe5 13. Nxe5 (13. dxe5 Bxf3 14. Bxf3 Nxe5 15. Bxb7 Ra7 16. Rfd1 Qb8
17. a5 Nbxc4 $5 18. Bxa7 Qxa7 19. Be4 Rb8 $13) 13... Bxe2 14. Nxe2 Nxe5 15.
dxe5 Qc8 16. f4 Nd7 17. Qc3 {=/+=} Nc5 18. Qc2 a5 19. Nd4 f5 20. exf6 (20. Nb5
b6 21. Rad1 Qb7 22. Rd2 Rad8 23. Rfd1 $11) 20... Rxf6 21. f5 e5 22. Ne2 c6 23.
Ng3 Rf7 24. Kh1 Qf8 25. Rf3 e4 $6 (25... Rd8 $11) 26. Nxe4 Rxf5 $2 (26... Nxe4
$8 27. Qxe4 Bf6 $14) 27. Bxc5 Bxc5 28. Ng5 $1 $18 Rxg5 (28... g6 $5 29. Ne6
Rxf3 (29... Qe7 30. Rxf5 gxf5 31. Qxf5 $18) 30. Nxf8 Rfxf8 $16 {/+-}) 29. Rxf8+
Rxf8 30. Qd2 Rgf5 31. Qxa5 Rf1+ 32. Rxf1 Rxf1+ 33. Kh2 Bd6+ 34. g3 Rf2+ 35. Kh1
Rxb2 36. Qd8+ Bf8 37. Qc8 Rb1+ 38. Kg2 g6 39. g4 c5 40. Qe6+ Kg7 41. g5 Rb4 42.
Qf6+ Kg8 43. a5 Rb3 44. Kf2 Rb4 45. Ke2 Rb3 46. Kd2 Rb4 47. Qe6+ Kg7 48. Kc2
$22 1-0

[Event "George Marx Memorial 3rd"]
[Site "Paks"]
[Date "2005.06.16"]
[Round "5"]
[White "Sutovsky, Emil"]
[Black "Berkes, Ferenc"]
[Result "1/2-1/2"]
[WhiteElo "2665"]
[BlackElo "2617"]
[Annotator "Cox,J"]
[PlyCount "86"]
[EventDate "2005.06.12"]
[EventType "tourn"]
[EventRounds "10"]
[EventCountry "HUN"]
[EventCategory "15"]
[SourceTitle "CBM 108"]
[Source "ChessBase"]
[SourceDate "2005.09.26"]
[SourceVersion "1"]
[SourceVersionDate "2005.09.26"]
[SourceQuality "1"]

1. e4 Nf6 2. e5 Nd5 3. d4 d6 4. Nf3 Bg4 5. Be2 e6 6. O-O Be7 7. c4 Nb6 8. Nc3
O-O 9. Be3 Nc6 {This move is theoretically the reason why White might want to
insert h3 Bh5 (which most strong players do in this variation). Those moves
are unhelpful for White if Black continues 9... (or 10 if h3 Bh5 is included,
of course) d5 10 c5 Bxf3 11 gxf3 Nc8, since the pawn blocking the h3 square
deprives White of a lot of his possibilities for a king-side attack and also
makes the position of a Black bishop on h4 more secure. The text move however
is much worse if White has included h3 Bh5, for a reason explained in the
notes to Black's thirteenth.} 10. exd6 cxd6 11. d5 exd5 12. Nxd5 Nxd5 13. Qxd5
Be6 {If Black's bishop had been on h5 it would now be en prise, and the tempo
lost in moving it to g6 gives White much the better chances. Whether Black can
equalise in the present position is an important question for the whole 4...
Bg4 line: Black has not scored at all well but theoretically he is usually
thought to be OK. Commonest has been} (13... Bf6 {when White has three
alternatives:} 14. Rad1 (14. Rfd1 Rc8 15. Rd2 Qa5 16. Qxd6 $2 {(a blunder, but
it it not clear how White was to obtain an advantage anyway)} Bxf3 17. Bxf3
Rcd8 18. Qf4 Be5 {was winning for Black in Browne-Hort, San Antonio 1972.}) (
14. Qd2 Qa5 15. Rfd1 Rfd8 16. h3 Be6 17. Ng5 Bxg5 18. Bxg5 f6 19. Bf4 Qxd2 20.
Rxd2 d5 21. cxd5 Bxd5 $14 {Sammalvuo-Mertanen, Kuopio 1995.}) 14... Bxb2 15.
Qb5 Bf6 16. Qxb7 Rc8 17. h3 Be6 18. Qb5 Qc7 19. Rc1 {was fine for Black in
Pacl-Kraus, Czech Champs 1992, although 19...Rb8 now would have been better
than Kraus' 19...Qa5.}) 14. Qd2 (14. Qh5 {has also been tried} Bf6 15. Ng5 (15.
Rad1 {however is worth attention, eg} Bxb2 16. Ng5 h6 (16... Bf5 17. Bd3 Bxd3
18. Rxd3 h6 19. Ne4 {is dangerous for Black:} Ne5 20. Rxd6 Qc7 21. Rxh6 Ng6 (
21... Nf3+ 22. gxf3 gxh6 23. Kh1 $18) 22. Ng5 gxh6 23. Qxh6 $16 {, for example.
}) 17. Nxe6 fxe6 18. Qb5 Bf6 19. Qxb7 $14) 15... Bf5 {leads nowhere for White.}
) 14... d5 15. c5 Rc8 16. b4 Bf6 17. Rad1 {Only here does the game diverge
from Oral-Velicka, Trinec 1998, where White had tried} (17. Nd4 b6 18. Rac1
Nxd4 19. Bxd4 Bxd4 20. Qxd4 bxc5 21. Rxc5 Rxc5 22. Qxc5 Qb6 23. Qxb6 axb6 {
when White rhaps held a slight edge, but Black's active pieces enabled him to
hold the draw.} 24. a4 Ra8 25. Ra1 Kf8 26. a5 bxa5 27. bxa5 Ke7 28. a6 Kd6 29.
f4 Ra7 30. Kf2 d4 31. Ke1 Bd5 32. g3 Be4 33. Kd2 f5 34. Bd3 Kc5 35. Ra5+ Kd6
36. g4 Bxd3 37. Kxd3 fxg4 38. Kxd4 Kc6 39. Ke5 Kb6 40. Ra2 Rxa6 41. Rxa6+ {
1/2-1/2: Su tovsky's move is more natural, and leads to very much the usual
situation in this variation: White has a slight advantage, but Black retains a
tough position to crack.}) 17... Re8 18. a3 a6 19. Rfe1 Rc7 20. Nd4 (20. Ng5 {
looks like a preferable way of exchanging knight for black-squared bishop
since after that trade White would like to take his bishop to d6, but Black
had prepared} Bc8 (20... Bxg5 21. Bxg5 {looks quite nice for White since he
can take the bishop to d6, while}) (20... d4 21. Bf4 Bxg5 22. Bxg5 Qd5 23. Bf3
Qb3 24. Bxc6 Rxc6 25. Qxd4 {is very nice for White}) 21. Bf4 Rce7 {when} 22.
Bd3 (22. Bd6 $4 Bxg5 $19 {is the point}) 22... Rxe1+ 23. Rxe1 Rxe1+ 24. Qxe1 g6
{isn't much for White.}) 20... Bxd4 21. Bxd4 Rce7 22. Bf1 Bf5 23. Qg5 Bg6 24.
Rxe7 Qxe7 25. Qxe7 Rxe7 26. f3 {I don't really understand this move. To me the
plan with Bc3 and a4/b5 looks more natural. Somewhere around here Sutovsky
must I think have underestimated Black's coming defensive manoeuvre.} Bc2 27.
Rd2 Ba4 28. Bb2 Rd7 29. Bd3 Bb5 30. Be4 Bc4 31. Kf2 Rd8 32. Bc2 a5 33. bxa5 ({
Since} 33. Bc3 d4 {is bad, White has to acquiesce in equality.}) 33... Ra8 34.
Rd1 Rxa5 35. Re1 Kf8 36. a4 g6 37. h4 d4 38. Rd1 Ke7 39. Bxd4 Nxd4 40. Rxd4
Rxc5 41. Be4 b6 42. g4 Be6 43. Rb4 Rc4 1/2-1/2

[Event "USA-ch GpA"]
[Site "San Diego"]
[Date "2006.03.10"]
[Round "8"]
[White "Kudrin, Sergey"]
[Black "Benjamin, Joel"]
[Result "1/2-1/2"]
[WhiteElo "2554"]
[BlackElo "2576"]
[Annotator "Cox,J"]
[PlyCount "82"]
[EventDate "2006.03.02"]
[EventType "swiss"]
[EventRounds "9"]
[EventCountry "USA"]
[SourceTitle "CBM 112"]
[Source "ChessBase"]
[SourceDate "2006.06.07"]
[SourceVersion "1"]
[SourceVersionDate "2006.06.07"]
[SourceQuality "1"]

1. e4 Nf6 2. e5 Nd5 3. d4 d6 4. Nf3 Bg4 5. Be2 e6 6. O-O Be7 7. c4 Nb6 8. Nc3
O-O 9. Be3 N8d7 (9... d5 {of course is the main move, while 9...Nc6 is the
main alternative, but the trend has been towards experimenting with other
ideas hereabouts.}) 10. b3 (10. exd6 cxd6 11. b3 {has been the main
alternative: after 9...Nc6 this is ineffective but in the structure arising
after} d5 12. c5 Nc8 {Black's d7 knight belongs on c6, pressing on d4.}) 10...
dxe5 11. Nxe5 Nxe5 12. Bxg4 ({After} 12. dxe5 Qxd1 13. Raxd1 Bxe2 14. Nxe2 Rad8
{White is a little better, but presumably Black ought to be able to defend.})
12... Nxg4 13. Qxg4 f5 $5 $146 (13... Bb4 14. Ne2 Nd7 15. Bh6 Qf6 16. Bg5 Qf5
17. Qxf5 exf5 $14 {was P.Popovic-L.Alburt, Hastings 1980, in which the great
Alekhine expert managed to hold on.}) 14. Qe2 {This doesn't look like the most
critical move: the queen isn't doing much here and it also takes the knight's
square, which in turn means that a White rook has to be inactive on c1.} (14.
Qg3 Bb4 (14... f4 $2 15. Bxf4 Qxd4 $4 16. Be5 $18) 15. Bf4 Qxd4 16. Nb5 Qf6 17.
a3 Bd6 18. Nxd6 cxd6 19. Bxd6 Rf7 {is definitely a bit better for White, and
I'm not sure what Black can do that's much better than that.}) 14... Bb4 15.
Rac1 c6 (15... f4 16. Bd2 Qxd4 17. Qxe6+ Kh8 18. Rfd1 Rae8 19. Qg4 Qf6 20. Qf3
{was an alternative, although White retains an edge here.}) 16. f3 (16. Qd2 {
is the computer's offering to prevent f4 while offering a chance for Bf4. The
self-pin looks unnatural to human players, but maybe if White still wanted to
play for an edge he had to try this.}) 16... Qf6 17. Bf2 Rad8 $11 18. Qc2 e5
19. dxe5 Qxe5 20. Rfe1 Qf6 21. Re2 Nd7 22. Nb1 Bc5 23. Rd1 Bxf2+ 24. Rxf2 Nc5
25. Rfd2 a5 26. Qc3 (26. Rxd8 Rxd8 27. Rxd8+ Qxd8 28. Qxf5 Qd1+ 29. Kf2 Nd3+ {
is a draw by perpetual check for one side or the other after either 30 Kg3 or
30 Ke3; I doubt Kudrin was playing for more than that, but perhaps the text
seemed to offer less risk of a miscalculation.}) 26... Qxc3 (26... Rxd2 27.
Qxd2 $11 (27. Rxd2 Qe7 $15)) 27. Nxc3 Rxd2 28. Rxd2 {In lesser company Black's
slight space edge might give White some problems now, but here the advantage
is symbolic, although the players continue until the time control before
agreeing the draw.} Kf7 29. Kf2 Ke7 30. Ne2 Rf6 31. Nf4 Rd6 32. Rxd6 Kxd6 33.
Ke3 Ke5 34. Nd3+ Nxd3 35. Kxd3 f4 36. Kc3 c5 37. Kd3 Kf5 38. Ke2 Ke6 39. Kd2
Kd6 40. Kc3 Ke5 41. Kd3 Kf5 1/2-1/2

[Event "GER-ch 77th"]
[Site "Osterburg"]
[Date "2006.02.10"]
[Round "8"]
[White "Hoepfl, Thomas"]
[Black "Tischbierek, Raj"]
[Result "0-1"]
[WhiteElo "2313"]
[BlackElo "2466"]
[Annotator "Cox,J"]
[PlyCount "68"]
[EventDate "2006.02.03"]
[EventType "swiss"]
[EventRounds "9"]
[EventCountry "GER"]
[SourceTitle "CBM 112"]
[Source "ChessBase"]
[SourceDate "2006.06.07"]
[SourceVersion "1"]
[SourceVersionDate "2006.06.07"]
[SourceQuality "1"]

1. e4 Nf6 2. e5 Nd5 3. d4 d6 4. Nf3 Bg4 5. Be2 e6 6. c4 Nb6 7. O-O Be7 8. Nc3
O-O 9. h3 Bh5 10. Be3 a6 {A fashionable try whose idea is to threaten ...Bxf3;
Bxf3 Nxc4 without losing a rook to Bxb7.} 11. exd6 cxd6 12. Qb3 N8d7 13. a4 (
13. Rac1 Rc8 14. Nd2 Bxe2 15. Nxe2 Bg5 16. Bxg5 Qxg5 17. Ne4 Qe7 18. c5 dxc5
19. dxc5 Nd5 20. Qxb7 f5 21. Ng5 {, V.Anand-A.Morozevich, Intel rapid 1995, is
usually given as the approved method to play for White, although White's edge
here is not great.}) 13... Bxf3 14. gxf3 {This move seems to have a strange
attraction for White players; it was also played in M.Kotliar-A.Yermolinsky,
St Martin open 1993, in which White naturally also lost. Of course 14 Bxf3 is
correct; this has been the normal continuation with the pawn on h2, for
example 13 Bxf3 Qc7 14 Rfc1 with an edge for White, P.Blatny-K.Bischoff, Brno
1994.} Rb8 15. Kh1 (15. Rfd1 Nf6 16. d5 Nbd7 17. Ne4 e5 18. Qc3 Rc8 19. Qb4 $6
Nxe4 20. fxe4 Bg5 21. Ra3 a5 22. Qd2 Bxe3 23. Qxe3 Nc5 {with excellent play
for Black on the black squares, was the Yermolinsky game.}) 15... Bg5 16. Rg1
Bxe3 17. fxe3 Qh4 18. Rg2 Nc8 (18... Qxh3+ 19. Rh2 Qf5 20. Rg1 {leaves Black
with considerable difficulties in defending against White's ideas of f4, Rg5
and/or Qd1 and Bd3.}) 19. Kh2 Ne7 20. Rag1 g6 21. Bd3 e5 $11 22. Ne4 $6 {
It doesn't look right to give up f4 and allow the knight to f4 like this.
White needed to find a good way to meet ...exd4, and maybe} (22. Qd1 {was the
one, intending to meet} exd4 {with} 23. Rg4 Qf2+ (23... Qh6 24. Rxd4 Qxe3 25.
Re4 $18 {of course}) 24. R1g2 Qxe3 25. Re4 $18 {, a variation which suggests
that on e4 the knight doesn't only block the bishop, but also both the fourth
rank and the e-file - a sort of voluntary three-way Nowotny interference, rare
outside self-mate problems.}) 22... exd4 23. Rg4 $2 {It's hard to know what
White had in mind with this move, since Black's reply is both obvious and
rather strong.Instead} (23. exd4 Qf4+ (23... f5 {leads only to a draw:} 24.
Nxd6 Qxd4 (24... Qf4+ 25. Kh1 Qxd6 $4 26. c5+ Qd5 27. Bc4 $18) 25. c5+ Kh8 26.
Qe6 Ne5 27. Qxe7 Nxf3+ 28. Kh1 $11) 24. Kh1 Nf5 25. Qc3 Ne3 $15 {is
uncomfortable but by no means over for White.}) 23... Qh6 $19 24. Ng5 {It's
always possible that White just overlooked} (24. exd4 f5 {, I suppose; in any
case he is now obliged to throw himself into a desperate attack, which Black
deals with in great comfort.}) 24... dxe3 25. Bb1 e2 26. Qe3 Ne5 27. R4g3 Rbe8
28. Qd2 f6 29. f4 fxg5 30. fxe5 Rf2+ 31. Kh1 dxe5 32. Qe3 Qf8 33. Bd3 Qf4 34.
Bxe2 Nf5 0-1

[Event "Solin 13th"]
[Site "Solin"]
[Date "2005.12.11"]
[Round "3"]
[White "Kovalevskaya, Ekaterina"]
[Black "Kovacevic, Vlatko"]
[Result "1/2-1/2"]
[WhiteElo "2457"]
[BlackElo "2512"]
[Annotator "Cox,J"]
[PlyCount "87"]
[EventDate "2005.12.09"]
[EventType "tourn"]
[EventRounds "11"]
[EventCountry "CRO"]
[EventCategory "11"]
[SourceTitle "CBM 111"]
[Source "ChessBase"]
[SourceDate "2006.04.04"]
[SourceVersion "1"]
[SourceVersionDate "2006.04.04"]
[SourceQuality "1"]

1. e4 Nf6 2. e5 Nd5 3. d4 d6 4. Nf3 Bg4 5. Be2 c6 {An old favourite of the
veteran Yugoslav GM.} 6. O-O Bxf3 7. Bxf3 dxe5 8. dxe5 e6 9. c4 Ne7 10. Qxd8+ {
This approach has been thought equal - if that - for White for many years and
this game isn't going to change that, but possibly that suited Kovalevskaya.}
Kxd8 11. Be4 Nd7 12. f4 Nf5 13. Nc3 Kc7 {I find this a surprising decision -
to me either} (13... Bc5+ 14. Kh1 h5 {or}) ({immediately} 13... h5 {(I doubt
whether} 14. Rd1 Bc5+ 15. Kf1 {is a significant nuance), look like the natural
ways to play, but no doubt Kovacevic had good reasons for his choice.}) 14. g4
Bc5+ 15. Kg2 Ne3+ 16. Bxe3 Bxe3 17. Rf3 Bc5 $146 (17... Bd2 18. Rd1 Bxc3 19.
Rxc3 Nc5 {had been played in C.August-H. Wiesman, Bundesliga 1993, with a
definite edge for White. Kovacevic sees no reason to give up the bishop.}) 18.
Bc2 {This isn't terribly incisive - Ne4-d6 is not a practical proposition -
but I don't think White has anything better.} Rad8 19. Ne4 Be7 20. Rd1 h5 $11
21. g5 Nc5 22. Rxd8 Rxd8 23. g6 $6 (23. Nxc5 Bxc5 24. Rd3 {looks like the
practical thing to do. I honestly can't imagine what Kovalevskaya was thinking
of here.}) 23... fxg6 24. Ng5 Bxg5 25. fxg5 Rd2+ 26. Rf2 Rxf2+ 27. Kxf2 Nd7 28.
Bxg6 Nxe5 29. Bxh5 Nxc4 {It's hard to imagine that Kovalevskaya wanted to play
this position, but equally it's hard to imagine that she overlooked any of the
moves which led from 23 g6 to here. Still, the bishop and the outside passed
pawn enable White to hold on comfortably enough in the game, although perhaps
it could have been closer.} 30. b3 Nd6 31. Kf3 Nf5 32. Kf4 Kd6 33. Bg6 Ne7 34.
Bd3 b5 ({Activating the knight with} 34... Nd5+ 35. Kg4 e5 {looks like a more
crucial try.} 36. h4 Nf4 37. Bb1 g6 {seems to leave White little option but to
give up another pawn with} 38. h5 gxh5+ {, but White is on the verge of being
lost here if not actually gone.}) 35. h4 e5+ 36. Kg4 a5 37. h5 $11 Ke6 38. Kf3
Nd5 39. h6 gxh6 40. gxh6 Kf6 41. h7 Kg7 42. Ke4 Nc3+ 43. Kxe5 Nxa2 44. Kd6 {
A curious game to understand psychologically: White played a very tame opening
and then went for a most curious pawn sacrifice. It illustrates again however
that Black has nothing to fear in this ending.} 1/2-1/2

[Event "Jakarta"]
[Site "Jakarta"]
[Date "1994.??.??"]
[Round "10"]
[White "Tkachiev, Vladislav"]
[Black "Blatny, Pavel"]
[Result "1-0"]
[WhiteElo "2510"]
[BlackElo "2525"]
[Annotator "Ernst,T"]
[PlyCount "78"]
[EventDate "1994.04.??"]
[EventType "tourn"]
[EventRounds "13"]
[EventCountry "INA"]
[EventCategory "10"]
[SourceTitle "CBM 041"]
[Source "ChessBase"]
[SourceDate "1994.08.01"]
[SourceVersion "1"]
[SourceVersionDate "1994.08.01"]
[SourceQuality "1"]

1. e4 Nf6 2. e5 Nd5 3. d4 d6 4. Nf3 Bg4 5. Be2 e6 6. O-O Be7 7. h3 Bh5 8. c4
Nb6 9. Nc3 Nc6 (9... O-O 10. Be3 Nc6 11. exd6 cxd6 12. d5 exd5 13. Nxd5 Nxd5
14. Qxd5 Bg6 15. Nd4 $5 (15. Rad1 $1 $16) 15... Bf6 16. Rad1 Nxd4 17. Bxd4 Bxd4
18. Qxd4 Qa5 19. Bf3 Qxa2 20. Bxb7 Rab8 $14 {Garcia Gild-Levin,D/Philadelphia
World op/1991/}) 10. exd6 cxd6 11. d5 exd5 12. Nxd5 Nxd5 13. Qxd5 Bg6 14. Qb5
$1 Qc7 15. Bf4 a6 16. Qb3 O-O 17. Rfd1 h6 18. Rd2 $14 Rfd8 19. Rc1 Ne5 20. Rcd1
Rac8 21. Qe3 f6 22. b3 Bf8 23. Nd4 Re8 24. Qg3 Qc5 25. Be3 Qa5 26. Kh2 (26. Kh1
$1 $14) 26... Kh8 27. Bf4 Be4 28. Bh5 g6 29. Be2 g5 30. Be3 d5 $13 31. f4 Bd6
$5 (31... gxf4 32. Qxf4 $16) 32. Nf5 $6 Bb8 (32... Bxf5 33. Rxd5 Qxa2 34. Rxd6
Qxe2 35. fxe5 Rxe5 36. Bd4 $16) 33. Bd4 Bxf5 34. fxe5 Rxe5 $1 (34... fxe5 35.
Bc3 $16) 35. Kh1 dxc4 (35... Re6 36. Qf2 $16) (35... Rxe2 $1 36. Bxf6+ Kg8 $17)
36. Bxc4 $44 b5 37. Bxe5 Bxe5 38. Qf3 Bg6 39. Be6 Re8 1-0

[Event "Volgograd"]
[Site "Volgograd"]
[Date "1994.??.??"]
[Round "13"]
[White "Stripunsky, Alexander"]
[Black "Ayapbergenov, A."]
[Result "1/2-1/2"]
[WhiteElo "2510"]
[BlackElo "2420"]
[Annotator "Ernst,T"]
[PlyCount "122"]
[EventDate "1994.??.??"]
[EventType "tourn"]
[EventRounds "13"]
[EventCountry "NED"]
[EventCategory "8"]
[SourceTitle "CBM 041"]
[Source "ChessBase"]
[SourceDate "1994.08.01"]
[SourceVersion "1"]
[SourceVersionDate "1994.08.01"]
[SourceQuality "1"]

1. e4 Nf6 2. e5 Nd5 3. d4 d6 4. Nf3 Bg4 5. Be2 e6 6. O-O Be7 7. c4 Nb6 8. h3
Bh5 9. Nc3 O-O 10. Be3 a6 11. b3 d5 12. c5 Nc8 (12... N6d7 13. Nh2 Bg6 14. Qd2
Nc6 15. f4 $16 {Gavrikov,V-Fioramonti,H/Lugano op/1989/}) 13. Nh2 $5 (13. b4
Nc6 14. a3 f6 15. exf6 Bxf6 16. g4 Bg6 $10 {Psakhis,L-Ehlvest,J/Novosibirsk/
1993/}) (13. Ne1 Bxe2 14. Nxe2 $14) 13... Bg6 14. f4 (14. Qd2 $14) 14... Nc6
15. Rc1 (15. a3 Bxc5 $1 $10) 15... Bxc5 $5 16. dxc5 d4 17. Bf2 dxc3 18. Rxc3
N8e7 19. Nf3 Nd5 20. Rc4 Na5 21. Rd4 Nc6 22. Rd2 Qe7 23. Rxd5 $5 exd5 24. Qxd5
Rad8 25. Qc4 Qe6 26. Qxe6 fxe6 $13 27. Ng5 Rd2 28. Bc4 Rxf4 29. Nxe6 Rxc4 30.
bxc4 Bd3 (30... Nxe5 $4 31. Be3 $1 $18) 31. Re1 Bxc4 32. Nxc7 Rd7 33. Ne8 Re7
34. Nd6 Bxa2 35. Bg3 a5 36. Nc8 Re6 37. Nb6 Bb3 $10 38. Re4 h6 39. Kf2 Nd8 40.
Rd4 Nf7 41. Rd6 $5 Re8 (41... Nxd6 42. cxd6 Kf7 43. Nd7 Re8 $13) 42. Rd3 a4 43.
Ke2 Re6 (43... Nxe5 $2 44. Re3 $18) 44. Re3 Nd8 45. Kd2 Rc6 46. Rc3 Ne6 47. Bf2
Nf4 48. g4 g5 49. Rf3 Kf7 50. Be3 Ke7 51. Kc3 Nd5+ 52. Nxd5+ Bxd5 53. Rf1 a3
54. Kb4 a2 55. Bd4 Ra6 56. Ba1 Bg2 57. Rg1 Bxh3 58. Kb3 Kd7 59. Kb4 Ke7 60. Kb3
Ke8 61. Kb4 Ke7 1/2-1/2